Thor: Love and Thunder Characters Quiz - Statistics

General Stats
  • This quiz has been taken 108 times
  • The average score is 19 of 27
Answer Stats
Hint Answer % Correct
Thor’s ex girlfriend Jane Foster
100%
God of thunder Thor Odinson
100%
Greek god of thunder and lightening Zeus
92%
Guardian of the Galaxy Groot
91%
Leader of the Guardians Star Lord
89%
Guardian of the Galaxy Rocket
88%
God butcher Gorr
86%
Guardian of the Galaxy Nebula
86%
Guardian of the Galaxy Drax
84%
King of Asgard King Valkyrie
84%
Zeus’ son Hercules
82%
Guardian of the Galaxy Mantis
81%
Above’s real name Peter Quill
80%
Kronan Korg
77%
Welcomes Jane to Valhalla Heimdall
72%
Above’s superhero name The Mighty Thor
72%
Gorr’s daughter Love
69%
Jane’s friend Darcy Lewis
64%
Asgardian warrior who lost her hand to Gorr Lady Sif
64%
Heimdall’s son Axl
59%
Guardian of the Galaxy Kraglin
58%
Astrophysicist Erik Selvig
53%
God who Gorr was trying to find Eternity
41%
Valkyrie’s assistant Miek
41%
Korg’s love Dwayne
34%
Goat Toothgnasher
26%
Goat Toothgrinder
24%
No matching quizzes found
Score Distribution
Percent of People with Each Score
Percentile by Number Answered
Your Score History
You have not taken this quiz